| 000 | 00552cam a22002291 4500 | ||
|---|---|---|---|
| 001 | ne 67000612 | ||
| 003 | DLC | ||
| 005 | 20260227111830.0 | ||
| 008 | 890108s1966 xx 000 0 ara | ||
| 010 | _ane 67000612 | ||
| 035 | _a(OCoLC)23523681 | ||
| 040 |
_aDLC _cMiU _dDLC |
||
| 042 | _apremarc | ||
| 043 | _af-ua--- | ||
| 050 | 0 | 0 |
_aHF3886.5 _b.G5 |
| 100 | 1 | _aGhubriyāl, Wahbī. | |
| 245 | 1 | 0 | _aTaṭawwur al-tijārah al-khārijīyah. |
| 260 | _c[1966] | ||
| 300 |
_a82 p. _c20 cm. |
||
| 500 | _aRomanized. | ||
| 651 | 0 |
_aEgypt _xCommerce. |
|
| 999 |
_c49491 _d49491 |
||